Quiz Franquias da NBA em 3 Minutos - Statistics

Estatísticas Gerais
  • Esse quiz foi jogado 575 vezes
  • A pontuação média é 22 de 30
Estatísticas das Respostas
NBA Titles Resposta % Correto
17 Los Angeles Lakers
98%
17 Boston Celtics
97%
7 Golden State Warriors
94%
6 Chicago Bulls
87%
5 San Antonio Spurs
83%
3 Miami Heat
81%
1 Dallas Mavericks
79%
2 Houston Rockets
78%
1 Milwaukee Bucks
78%
0 Brooklyn Nets
77%
0 Los Angeles Clippers
76%
0 Denver Nuggets
75%
1 Atlanta Hawks
74%
1 Cleveland Cavaliers
74%
2 New York Knicks
74%
3 Detroit Pistons
73%
0 Charlotte Hornets
72%
1 Oklahoma City Thunder
72%
1 Toronto Raptors
72%
0 Phoenix Suns
71%
3 Philadelphia 76ers
70%
0 Orlando Magic
68%
0 Minnesota Timberwolves
66%
1 Sacramento Kings
66%
1 Portland Trail Blazers
65%
1 Washington Wizards
65%
0 Indiana Pacers
62%
0 Utah Jazz
60%
0 Memphis Grizzlies
59%
0 New Orleans Pelicans
59%
Nenhum quiz correspondente encontrado
Distribuição das Pontuações
Porcentagem de Pessoas com Cada Pontuação
Percentil de Números Respondidos
Sua Pontuação Histórica
Você não jogou esse quiz